[Event "Nuremberg-ch op 05th"]
[Site "Nuremberg"]
[Date "2005.05.07"]
[Round "2"]
[White "Mittermueller, Wolfgang"]
[Black "Sabnew, Andrej"]
[Result "1-0"]
[WhiteElo "1617"]
[BlackElo "1286"]
[PlyCount "85"]
[EventDate "2005.05.06"]
[EventType "swiss"]
[EventRounds "5"]
[EventCountry "GER"]
[SourceTitle "EXT 2007"]
[Source "ChessBase"]
[SourceDate "2006.11.23"]
[SourceVersion "1"]
[SourceVersionDate "2006.11.23"]
[SourceQuality "1"]

1. e4 e5 2. Nf3 Nc6 3. Bb5 a6 4. Ba4 b5 5. Bb3 Nf6 6. 0-0 Bc5 7. Re1 d6 8. h3 0-0 9. c3 h6 10. d4 Bb6 11. Bc2 Re8 12. a4 Bb7 13. d5 Ne7 14. Nbd2 c6 15. axb5 cxb5 16. Nf1 Ng6 17. Ng3 Bc8 18. Nh2 Qc7 19. Ng4 Nxg4 20. hxg4 Qe7 21. Nf5 Qf6 22. Be3 Bxe3 23. Rxe3 Bxf5 24. gxf5 Nf4 25. g3 Nh3+ 26. Kg2 Ng5 27. f4 exf4 28. gxf4 Nh7 29. Rg3 Qh4 30. Qf3 Qe7 31. Rh1 Qf6 32. Qe3 Kf8 33. Kf3 Ke7 34. e5 dxe5 35. fxe5 Ng5+ 36. Kg2 Kd7 37. exf6 Rxe3 38. Rxe3 gxf6 39. Rxh6 Rg8 40. Kf2 Kd6 41. Rxf6+ Kxd5 42. Bb3+ Kc5 43. Re5# 1-0